00998nam a22002657a 45000010005000000030006000050050017000110080041000280200018000690400029000870500014001160820010001301000018001402450043001582500043002012600036002443000043002804900037003235050008003605200232003685210020006005210020006206500045006407000047006855585FISKH20260403143033.0241219b cb ||||| |||| 00| 0 eng d a9780439861304 aFISKHbengcFISKHdFISKH aPZ7.R4829 a813.6 aRiordan, Rick aThe lightning thief /cby Rick Riordan aFirst scholastic printing , March 2006 aNew York :bScholastic ;c2005. a375 pages : billustrations ;c20 cm . aPercy Jackson and the Olympians  aR  aAfter learning that he is the son of a mortal woman and Poseidon, god of the sea, twelve-year-old Percy is sent to a summer camp for demigods like himself, and joins his new friends on a quest to prevent a war between the gods.8 a680 bLexile 8 aR bRaz-Plus  aPercy Jackson and the OlympiansvFiction aAguilera Ballester, Libertadeillustrator